Juvenile justice (Care and Protection of Children) act 2015 (Record no. 396337)

MARC details
000 -LEADER
fixed length control field 00511 a2200193 4500
005 - DATE & TIME
control field 20260313115459.0
008 - FIXED-LENGTH DATA ELEMENTS--GENERAL INFORMATION
fixed length control field 260312b |||||||| |||| 00| 0 eng d
020 ## - ISBN
International Standard Book Number 9789371267021
Price Rs. 345.00
040 ## - CATALOGING SOURCE
Original cataloging agency VIVEKANANDA LIBRARY
082 ## - DDC NUMBER
Classification number 345.08
Book Number T199J
100 ## - MAIN ENTRY--PERSONAL NAME
Personal name Taxmann Bare Act
245 ## - TITLE STATEMENT
Title Juvenile justice (Care and Protection of Children) act 2015
260 ## - PUBLICATION, DISTRIBUTION, ETC. (IMPRINT)
Name of publisher, distributor, etc Taxmann
Date of publication, distribution, etc 2026
Place of publication, distribution, etc New Delhi
300 ## - PHYSICAL DESCRIPTION
Pages v,
650 ## - Subject
Subject Law
650 ## - Subject
Subject Criminal Law
650 ## - Subject
Subject Law Relating to Children
942 ## - ADDED ENTRY ELEMENTS (KOHA)
Koha item type Books
Holdings
Withdrawn status Lost status Source of classification or shelving scheme Damaged status Not for loan Location (home branch) Sublocation or collection (holding branch) Shelving location Date acquired Koha issues (times borrowed) Koha full call number Accession No. Koha date last seen Koha item type
    Dewey Decimal Classification     VIVEKANANDA LIBRARY VIVEKANANDA LIBRARY Law Library 24/02/2026   345.08 T199J 378189 24/02/2026 Books
    Dewey Decimal Classification     VIVEKANANDA LIBRARY VIVEKANANDA LIBRARY Law Library 24/02/2026   345.08 T199J 378185 24/02/2026 Books
    Dewey Decimal Classification     VIVEKANANDA LIBRARY VIVEKANANDA LIBRARY Law Library 24/02/2026   345.08 T199J 378188 24/02/2026 Books
    Dewey Decimal Classification     VIVEKANANDA LIBRARY VIVEKANANDA LIBRARY Law Library 24/02/2026   345.08 T199J 378187 24/02/2026 Books
    Dewey Decimal Classification     VIVEKANANDA LIBRARY VIVEKANANDA LIBRARY Law Library 24/02/2026   345.08 T199J 378186 24/02/2026 Books
© Designed and Maintained by Vivekananda Library, MDU Rohtak